[Event "CZE-chT2D 1112"]
[Site "Czech Republic"]
[Date "2012.03.04"]
[Round "9"]
[White "Smistik, Milan"]
[Black "Holasek, Pavel"]
[Result "1-0"]
[WhiteElo "2335"]
[BlackElo "2065"]
[PlyCount "73"]
[EventDate "2011.10.09"]
[EventType "team-tourn"]
[EventRounds "11"]
[EventCountry "CZE"]
[SourceTitle "EXT 2013"]
[Source "ChessBase"]
[SourceDate "2012.11.22"]
[SourceVersion "1"]
[SourceVersionDate "2012.11.22"]
[SourceQuality "1"]
[WhiteTeam "Trebic Caissa"]
[BlackTeam "Usti nad Orlici"]
[WhiteTeamCountry "CZE"]
[BlackTeamCountry "CZE"]

1. e4 e5 2. Nf3 Nc6 3. d4 exd4 4. Nxd4 Nf6 5. Nxc6 bxc6 6. e5 Qe7 7. Qe2 Nd5 8. c4 Ba6 9. b3 Qh4 10. Bb2 Bb4+ 11. Nd2 0-0 12. g3 Bxd2+ 13. Kxd2 Qe7 14. Qe4 f5 15. Qd4 Nb4 16. Bg2 c5 17. Qe3 Rad8 18. a3 Nc6 19. Rhe1 Na5 20. Qc3 Nc6 21. Bd5+ Kh8 22. Bxc6 dxc6+ 23. Kc2 f4 24. e6 fxg3 25. Qxg3 Bc8 26. f4 Rd6 27. Rg1 Rg8 28. f5 Bxe6 29. fxe6 Rxe6 30. Rae1 Re2+ 31. Rxe2 Qxe2+ 32. Kb1 Qe7 33. h4 Qf7 34. h5 h6 35. Qe5 a5 36. Rg6 Kh7 37. Qe4 1-0

[Event "CZE-chT2D 1011"]
[Site "Czech Republic"]
[Date "2011.01.23"]
[Round "6"]
[White "Petuchov, Sergej"]
[Black "Smistik, Milan"]
[Result "1-0"]
[WhiteElo "2160"]
[BlackElo "2337"]
[PlyCount "55"]
[EventDate "2010.10.17"]
[EventType "team-tourn"]
[EventRounds "11"]
[EventCountry "CZE"]
[SourceTitle "EXT 2012"]
[Source "ChessBase"]
[SourceDate "2011.11.24"]
[SourceVersion "1"]
[SourceVersionDate "2011.11.24"]
[SourceQuality "1"]
[WhiteTeam "Pardubice AKIS"]
[BlackTeam "Trebic Caissa"]
[WhiteTeamCountry "CZE"]
[BlackTeamCountry "CZE"]

1. e4 e5 2. Nf3 Nf6 3. d3 Nc6 4. Be2 d5 5. Nbd2 Bg4 6. 0-0 Qd7 7. h3 dxe4 8. hxg4 exf3 9. Bxf3 h6 10. Nc4 Bd6 11. Re1 0-0-0 12. c3 Rhe8 13. Be3 e4 14. dxe4 Nxe4 15. Qa4 Nc5 16. Nxd6+ Qxd6 17. Qb5 Nd3 18. Red1 Re5 19. Qb3 Na5 20. Qc2 Rb5 21. Be4 Rd5 22. Bxd5 Qxd5 23. b3 Nc6 24. Rd2 g6 25. Rad1 Nce5 26. Bf4 Nxf4 27. Rxd5 Nxd5 28. Qe4 1-0

[Event "CZE-chT2D 1011"]
[Site "Czech Republic"]
[Date "2011.01.09"]
[Round "5"]
[White "Smistik, Milan"]
[Black "Augustin, Josef"]
[Result "1-0"]
[WhiteElo "2337"]
[BlackElo "2297"]
[PlyCount "79"]
[EventDate "2010.10.17"]
[EventType "team-tourn"]
[EventRounds "11"]
[EventCountry "CZE"]
[SourceTitle "EXT 2012"]
[Source "ChessBase"]
[SourceDate "2011.11.24"]
[SourceVersion "1"]
[SourceVersionDate "2011.11.24"]
[SourceQuality "1"]
[WhiteTeam "Trebic Caissa"]
[BlackTeam "Brno Lokomotiva"]
[WhiteTeamCountry "CZE"]
[BlackTeamCountry "CZE"]

1. e4 e5 2. Nf3 Nc6 3. d4 exd4 4. Nxd4 Bc5 5. Nxc6 Qf6 6. Qf3 bxc6 7. Nc3 d6 8. Be3 Qxf3 9. gxf3 Bxe3 10. fxe3 Ne7 11. Rg1 0-0 12. Bc4 Kh8 13. 0-0-0 f5 14. e5 dxe5 15. Na4 f4 16. e4 Ng6 17. Rg5 Bh3 18. Rh5 Bc8 19. Nc5 h6 20. Nd3 Rf6 21. Nxe5 Be6 22. Nxg6+ Rxg6 23. Bxe6 Rxe6 24. Rf5 Rd6 25. Rxf4 Kg8 26. Rxd6 cxd6 27. Rf5 Rd8 28. Kd2 g6 29. Ra5 Rd7 30. Ke3 Kf7 31. c4 Ke6 32. h4 Kf6 33. Ra6 Rc7 34. Kd4 g5 35. h5 Ke6 36. c5 Kd7 37. cxd6 Kxd6 38. e5+ Ke6 39. Ke4 Rc8 40. b4 1-0

[Event "CZE-chT2D 1011"]
[Site "Czech Republic"]
[Date "2010.11.07"]
[Round "2"]
[White "Svanda, Pavel"]
[Black "Smistik, Milan"]
[Result "0-1"]
[WhiteElo "2168"]
[BlackElo "2337"]
[PlyCount "157"]
[EventDate "2010.10.17"]
[EventType "team-tourn"]
[EventRounds "11"]
[EventCountry "CZE"]
[SourceTitle "EXT 2012"]
[Source "ChessBase"]
[SourceDate "2011.11.24"]
[SourceVersion "1"]
[SourceVersionDate "2011.11.24"]
[SourceQuality "1"]
[WhiteTeam "Trebic Caissa II"]
[BlackTeam "Trebic Caissa"]
[WhiteTeamCountry "CZE"]
[BlackTeamCountry "CZE"]

1. e4 e5 2. Nf3 Nf6 3. d3 Nc6 4. c3 d5 5. Qc2 Bg4 6. Be2 Qd7 7. b4 Bd6 8. Nbd2 0-0 9. Nf1 Bxf3 10. Bxf3 dxe4 11. dxe4 Bxb4 12. cxb4 Nxb4 13. Qc4 Nd3+ 14. Ke2 Rad8 15. Ne3 b5 16. Qc3 b4 17. Qc4 Qa4 18. Nd5 Rxd5 19. exd5 e4 20. Bxe4 Nxc1+ 21. Rhxc1 Nxe4 22. f3 Nf6 23. Kf2 a5 24. a3 Qd7 25. axb4 axb4 26. Ra5 Qf5 27. Rd1 Qe5 28. Qxb4 Qxh2 29. Re1 Rd8 30. Qd4 h5 31. Qe5 Qh4+ 32. Kf1 Nxd5 33. Qe4 Qg5 34. Qe5 Qd2 35. Ra4 c6 36. Raa1 Nf4 37. Qg5 f6 38. Qg3 Qd3+ 39. Kf2 Qc2+ 40. Kf1 Qd3+ 41. Kf2 Qc2+ 42. Kf1 Qc4+ 43. Kg1 Ne2+ 44. Rxe2 Qxe2 45. Re1 Rd1 46. Qb8+ Kh7 47. Rxd1 Qxd1+ 48. Kh2 Qd5 49. Qb1+ f5 50. Qe1 Qd6+ 51. Kh1 c5 52. Qh4 Kg6 53. Qa4 Qe6 54. Qf4 c4 55. Qg3+ Kf6 56. Qh4+ Ke5 57. Qg5 g6 58. Qe3+ Kf6 59. Qd4+ Kg5 60. Qd8+ Kf4 61. Qh4+ Ke5 62. Qg5 Kd5 63. Qd8+ Qd6 64. Qg8+ Kd4 65. Qg7+ Kd3 66. Qa1 Qb4 67. Qf1+ Kd2 68. Qf2+ Kd1 69. Qd4+ Kc2 70. Kh2 Qb8+ 71. f4 c3 72. g3 Qb7 73. Qf2+ Kb1 74. Qg1+ Kb2 75. Qd4 Qe4 76. Qb6+ Kc1 77. Qxg6 h4 78. Qd6 Qe2+ 79. Kg1 0-1

[Event "CZE-chT2D 0910"]
[Site "Czech Republic"]
[Date "2010.03.28"]
[Round "10.3"]
[White "Siembab, Bartosz"]
[Black "Smistik, Milan"]
[Result "1/2-1/2"]
[WhiteElo "2243"]
[BlackElo "2325"]
[PlyCount "52"]
[EventDate "2009.10.18"]
[EventType "team-tourn"]
[EventRounds "11"]
[EventCountry "CZE"]
[SourceTitle "EXT 2012"]
[Source "ChessBase"]
[SourceDate "2011.11.24"]
[SourceVersion "1"]
[SourceVersionDate "2011.11.24"]
[SourceQuality "1"]
[WhiteTeam "Rychnov nad Kneznou"]
[BlackTeam "Trebic Caissa"]
[WhiteTeamCountry "CZE"]
[BlackTeamCountry "CZE"]

1. d4 d5 2. c4 c6 3. Nc3 Nf6 4. Nf3 a6 5. c5 Nbd7 6. Bf4 Nh5 7. e3 Nxf4 8. exf4 g6 9. Bd3 Bg7 10. 0-0 0-0 11. Qc2 e6 12. b4 b5 13. a4 Bb7 14. axb5 cxb5 15. Ne5 Nb8 16. Ne2 Qc7 17. Rfc1 Nc6 18. Nxc6 Bxc6 19. Ra5 Ra7 20. Rca1 Rfa8 21. R1a3 Bf6 22. Qa2 Qb7 23. Nc3 Bd8 24. Qe2 Bxa5 25. Rxa5 Qe7 26. h3 Kg7 1/2-1/2

[Event "CZE-chT2D 0910"]
[Site "Czech Republic"]
[Date "2009.10.18"]
[Round "1.3"]
[White "Vykydal, Frantisek"]
[Black "Smistik, Milan"]
[Result "0-1"]
[WhiteElo "2218"]
[BlackElo "2325"]
[PlyCount "78"]
[EventDate "2009.10.18"]
[EventType "team-tourn"]
[EventRounds "11"]
[EventCountry "CZE"]
[SourceTitle "EXT 2012"]
[Source "ChessBase"]
[SourceDate "2011.11.24"]
[SourceVersion "1"]
[SourceVersionDate "2011.11.24"]
[SourceQuality "1"]
[WhiteTeam "Brno Lokomotiva II"]
[BlackTeam "Trebic Caissa"]
[WhiteTeamCountry "CZE"]
[BlackTeamCountry "CZE"]

1. e4 e5 2. Nf3 Nf6 3. Nc3 Bb4 4. d3 d5 5. exd5 Nxd5 6. Bd2 Nc6 7. Nxd5 Bxd2+ 8. Qxd2 Qxd5 9. Be2 Bd7 10. 0-0 0-0-0 11. a3 Rhg8 12. Rad1 g5 13. c4 Qe6 14. d4 exd4 15. b3 Qf6 16. Ne1 Bf5 17. Nd3 Rg6 18. Bf3 Bxd3 19. Qxd3 Ne5 20. Qe4 Nxf3+ 21. gxf3 Rh6 22. Qg4+ Kb8 23. Rfe1 Rh4 24. Qg3 Rf4 25. Rd3 b6 26. Re4 Qf5 27. Qg2 Rd6 28. h3 Kb7 29. Rd1 h5 30. b4 d3 31. Rd2 Rxf3 32. Re3 g4 33. hxg4 hxg4 34. c5 Rd5 35. cxb6 axb6 36. a4 Ka7 37. Re7 Qf4 38. Rd1 d2 39. Re8 g3 0-1

[Event "Brno Duras op-A"]
[Site "Brno"]
[Date "2009.07.04"]
[Round "8"]
[White "Smistik, Milan"]
[Black "Kredl, Karel"]
[Result "1-0"]
[WhiteElo "2311"]
[BlackElo "2103"]
[PlyCount "109"]
[EventDate "2009.06.26"]
[EventType "swiss"]
[EventRounds "9"]
[EventCountry "CZE"]
[SourceTitle "CBM 131 Extra"]
[Source "ChessBase"]
[SourceDate "2009.09.03"]
[SourceVersion "2"]
[SourceVersionDate "2009.09.16"]
[SourceQuality "1"]

1. e4 c6 2. d4 d5 3. Nc3 dxe4 4. Nxe4 Nf6 5. Nxf6+ exf6 6. c3 Bd6 7. Bd3 0-0 8. Ne2 Qc7 9. Qc2 h6 10. Be3 Be6 11. Ng3 Nd7 12. Nf5 Bf4 13. Bxf4 Qxf4 14. Qd2 Qc7 15. 0-0 Rfe8 16. Rfe1 Bxf5 17. Bxf5 Nb6 18. Rxe8+ Rxe8 19. Re1 Rxe1+ 20. Qxe1 g6 21. Bd3 Qd6 22. g3 Kg7 23. b3 h5 24. Qc1 a5 25. Qb2 h4 26. b4 hxg3 27. hxg3 Qd5 28. bxa5 Qxa5 29. Qb4 Qa7 30. Qc5 Nc8 31. Qxa7 Nxa7 32. Kf1 Kf8 33. Ke2 Ke7 34. c4 Nc8 35. c5 Ke8 36. Bc4 Ne7 37. Kd3 f5 38. Bb3 g5 39. d5 cxd5 40. Kd4 f4 41. gxf4 gxf4 42. Bxd5 Nxd5 43. Kxd5 Kd7 44. f3 Kc7 45. Kc4 Kc6 46. Kb4 b6 47. cxb6 Kxb6 48. Kc4 Ka5 49. Kd5 Kb4 50. Ke5 Ka3 51. Kxf4 Kxa2 52. Ke5 Kb3 53. f4 Kc4 54. f5 Kc5 55. Kf6 1-0

[Event "Brno Duras op-A"]
[Site "Brno"]
[Date "2009.07.01"]
[Round "6"]
[White "Smistik, Milan"]
[Black "Cagasik, Tomas"]
[Result "1-0"]
[WhiteElo "2311"]
[BlackElo "2259"]
[PlyCount "67"]
[EventDate "2009.06.26"]
[EventType "swiss"]
[EventRounds "9"]
[EventCountry "CZE"]
[SourceTitle "CBM 131 Extra"]
[Source "ChessBase"]
[SourceDate "2009.09.03"]
[SourceVersion "2"]
[SourceVersionDate "2009.09.16"]
[SourceQuality "1"]

1. e4 d5 2. exd5 Qxd5 3. Nc3 Qd6 4. Nf3 Nf6 5. d4 Bg4 6. h3 Bh5 7. Be3 c6 8. Be2 e6 9. Qd2 Qc7 10. Bf4 Qa5 11. Ne4 Qxd2+ 12. Nfxd2 Bg6 13. Nxf6+ gxf6 14. 0-0-0 Kd7 15. h4 h5 16. Nb3 Bh6 17. Bxh6 Rxh6 18. c4 Kc7 19. d5 cxd5 20. cxd5 Nd7 21. Rh3 e5 22. Rc3+ Kb8 23. Na5 Rh8 24. Bb5 Rd8 25. Nc6+ bxc6 26. dxc6 Kc7 27. cxd7+ Kb6 28. Ba4 Be4 29. f3 Bb7 30. Rd6+ Ka5 31. b3 Ba6 32. Kb2 Rab8 33. Rc5+ Bb5 34. Ka3 1-0

[Event "Brno Duras op-A"]
[Site "Brno"]
[Date "2009.06.27"]
[Round "2"]
[White "Smistik, Milan"]
[Black "Majer, Jiri Sr"]
[Result "1-0"]
[WhiteElo "2311"]
[BlackElo "2285"]
[PlyCount "51"]
[EventDate "2009.06.26"]
[EventType "swiss"]
[EventRounds "9"]
[EventCountry "CZE"]
[SourceTitle "CBM 131 Extra"]
[Source "ChessBase"]
[SourceDate "2009.09.03"]
[SourceVersion "2"]
[SourceVersionDate "2009.09.16"]
[SourceQuality "1"]

1. e4 Nf6 2. e5 Nd5 3. d4 c6 4. Nf3 d6 5. Be2 Nd7 6. 0-0 dxe5 7. Nxe5 Nxe5 8. dxe5 Bf5 9. c4 Nb6 10. g4 Qxd1 11. Rxd1 Bxb1 12. Rxb1 e6 13. Be3 Be7 14. b4 Rd8 15. Rxd8+ Kxd8 16. a4 Kc7 17. a5 Nc8 18. a6 Nb6 19. axb7 Kxb7 20. Bf3 a6 21. b5 axb5 22. Rxb5 Bd8 23. c5 Ka6 24. Bxc6 Nc4 25. Rb8 Ka5 26. Bd4 1-0

[Event "CZE-chT2D 0809"]
[Site "Czech Republic"]
[Date "2009.04.05"]
[Round "11.2"]
[White "Smistik, Milan"]
[Black "Karasek, Lukas"]
[Result "1/2-1/2"]
[WhiteElo "2311"]
[BlackElo "2226"]
[PlyCount "111"]
[EventDate "2008.10.12"]
[EventType "team-tourn"]
[EventRounds "11"]
[EventCountry "CZE"]
[SourceTitle "EXT 2010"]
[Source "ChessBase"]
[SourceDate "2010.11.25"]
[SourceVersion "1"]
[SourceVersionDate "2010.11.25"]
[SourceQuality "1"]

1. e4 c5 2. Nf3 d6 3. d4 cxd4 4. Nxd4 Nf6 5. Nc3 Nc6 6. Bg5 e6 7. Qd2 a6 8. 0-0-0 h6 9. Be3 Be7 10. f3 Nxd4 11. Bxd4 b5 12. Kb1 Rb8 13. e5 dxe5 14. Bxe5 Qxd2 15. Rxd2 Ra8 16. Bd3 Bb7 17. a4 b4 18. Ne4 Rd8 19. Rhd1 Rd5 20. Bxf6 gxf6 21. Bc4 Rxd2 22. Rxd2 Rg8 23. g3 Bxe4 24. fxe4 a5 25. Bb5+ Kf8 26. Ka2 Rg4 27. Bc6 h5 28. Rd3 f5 29. exf5 Rc4 30. Bd7 Rxc2 31. fxe6 Bf6 32. Kb3 Rxb2+ 33. Kc4 Rc2+ 34. Kb5 Rc3 35. Rd1 b3 36. Rb1 Re3 37. exf7 b2 38. Kxa5 Re2 39. h3 Rc2 40. Kb4 Rc1 41. Bf5 Kxf7 42. a5 Bc3+ 43. Kb5 Bxa5 44. Rxb2 Be1 45. g4 hxg4 46. hxg4 Bh4 47. Ra2 Kf6 48. Ra6+ Ke5 49. Ra8 Bg5 50. Rf8 Kf4 51. Be6+ Kg3 52. Rf7 Rc3 53. Ra7 Rc1 54. Ra4 Rc3 55. Re4 Re3 56. Rxe3+ 1/2-1/2

[Event "CZE-chT1E 0809"]
[Site "Czech Republic"]
[Date "2009.03.15"]
[Round "10.6"]
[White "Beil, Zdenek"]
[Black "Smistik, Milan"]
[Result "0-1"]
[WhiteElo "2305"]
[BlackElo "2311"]
[PlyCount "72"]
[EventDate "2008.11.08"]
[EventType "team-tourn"]
[EventRounds "11"]
[EventCountry "CZE"]
[SourceTitle "EXT 2010"]
[Source "ChessBase"]
[SourceDate "2010.11.25"]
[SourceVersion "1"]
[SourceVersionDate "2010.11.25"]
[SourceQuality "1"]
[WhiteTeam "Litovel"]
[BlackTeam "Zakrany"]
[WhiteTeamCountry "CZE"]
[BlackTeamCountry "CZE"]

1. d4 d5 2. Nf3 Nf6 3. c4 c6 4. cxd5 cxd5 5. Nc3 Nc6 6. Ne5 e6 7. Nxc6 bxc6 8. g3 Be7 9. Bg2 0-0 10. 0-0 c5 11. dxc5 Bxc5 12. Na4 Be7 13. Be3 Qa5 14. Qc2 Ba6 15. Nc3 Rfc8 16. Qd2 Qd8 17. Rfd1 Ng4 18. Bf4 g5 19. Bf3 Nxf2 20. Kxf2 gxf4 21. gxf4 Bc5+ 22. e3 Kh8 23. Kg2 Qf6 24. Ne2 Rab8 25. Rac1 Be7 26. Ng3 Bc4 27. Qf2 Qh4 28. a3 Bd6 29. Qd2 Rb3 30. Nh5 Rd3 31. Qe2 Rxa3 32. Qd2 Rd3 33. Qe2 Rb3 34. Qd2 Bd3 35. Rb1 Rg8+ 36. Kh1 Qxh5 0-1

[Event "CZE-chT1E 0809"]
[Site "Czech Republic"]
[Date "2008.11.29"]
[Round "4.6"]
[White "Sluka, Radek"]
[Black "Smistik, Milan"]
[Result "1-0"]
[WhiteElo "2298"]
[BlackElo "2311"]
[PlyCount "63"]
[EventDate "2008.11.08"]
[EventType "team-tourn"]
[EventRounds "11"]
[EventCountry "CZE"]
[SourceTitle "EXT 2010"]
[Source "ChessBase"]
[SourceDate "2010.11.25"]
[SourceVersion "1"]
[SourceVersionDate "2010.11.25"]
[SourceQuality "1"]
[WhiteTeam "Stare Mesto"]
[BlackTeam "Zakrany"]
[WhiteTeamCountry "CZE"]
[BlackTeamCountry "CZE"]

1. Nc3 d5 2. e4 c6 3. d4 dxe4 4. Nxe4 Bf5 5. Ng3 Bg6 6. Nf3 Nd7 7. h4 h6 8. h5 Bh7 9. Bd3 Bxd3 10. Qxd3 e6 11. Bf4 Qa5+ 12. Bd2 Bb4 13. c3 Be7 14. 0-0 Ngf6 15. Rfe1 0-0-0 16. b4 Qc7 17. Qe2 Bd6 18. Nf1 Nxh5 19. Ne5 Bxe5 20. Qxh5 g6 21. Qf3 Bf6 22. Bf4 Qb6 23. a4 Rhe8 24. Nd2 Be7 25. Nc4 Qa6 26. b5 cxb5 27. axb5 Qxb5 28. Reb1 Qc6 29. Qxc6+ bxc6 30. Rxa7 e5 31. dxe5 Nc5 32. e6 1-0

[Event "CZE-chT1E 0809"]
[Site "Czech Republic"]
[Date "2008.11.02"]
[Round "2.6"]
[White "Smistik, Milan"]
[Black "Kubos, Rostislav"]
[Result "1-0"]
[WhiteElo "2311"]
[BlackElo "2194"]
[PlyCount "149"]
[EventDate "2008.11.08"]
[EventType "team-tourn"]
[EventRounds "11"]
[EventCountry "CZE"]
[SourceTitle "EXT 2010"]
[Source "ChessBase"]
[SourceDate "2010.11.25"]
[SourceVersion "1"]
[SourceVersionDate "2010.11.25"]
[SourceQuality "1"]
[WhiteTeam "Zakrany"]
[BlackTeam "Orlova Slavia"]
[WhiteTeamCountry "CZE"]
[BlackTeamCountry "CZE"]

1. e4 c5 2. Nf3 Nc6 3. Nc3 g6 4. d4 cxd4 5. Nxd4 Bg7 6. Be3 Nf6 7. Nxc6 bxc6 8. e5 Nd5 9. Nxd5 cxd5 10. Qxd5 Rb8 11. Bc4 0-0 12. 0-0 d6 13. exd6 Be6 14. Qd3 Bxb2 15. Rad1 Bf5 16. dxe7 Qxe7 17. Qd6 Qxd6 18. Rxd6 Be5 19. Ra6 Bxc2 20. Rxa7 Rbc8 21. Bd5 Rcd8 22. Bf3 Bd4 23. Bxd4 Rxd4 24. Rc1 Rb8 25. Rb7 Rxb7 26. Bxb7 Ba4 27. Ba6 Rd6 28. Be2 Rd2 29. Bc4 Rb2 30. h4 Bc2 31. Re1 Kf8 32. Re2 Rb1+ 33. Kh2 Bf5 34. Bb3 Ra1 35. Re5 h5 36. Ra5 Re1 37. Ra8+ Kg7 38. a4 Be6 39. Re8 Kf6 40. Bxe6 fxe6 41. Rf8+ Kg7 42. Rf4 Ra1 43. g3 Ra2 44. Kg2 Ra3 45. g4 hxg4 46. Rxg4 Kf6 47. f3 Ra2+ 48. Kg3 e5 49. Rc4 Kf5 50. Rb4 Rd2 51. Rb8 Ra2 52. Rf8+ Ke6 53. Ra8 Kf5 54. a5 Ra4 55. a6 Kf6 56. a7 Kg7 57. Kf2 Kh7 58. Ke3 Kg7 59. Kd3 Kh7 60. Kc3 Kg7 61. Kb3 Ra1 62. Kb4 Ra2 63. Kc4 Ra5 64. Kb3 Ra1 65. Kb2 Ra6 66. Kb3 Ra1 67. Kc4 Ra6 68. Kd5 Kh7 69. Kxe5 Kg7 70. h5 gxh5 71. Kf4 Ra4+ 72. Kg3 h4+ 73. Kh3 Kh7 74. f4 Kg7 75. f5 1-0

[Event "Pobeskydy op"]
[Site "Frydek Mistek"]
[Date "2008.03.23"]
[Round "7"]
[White "Jurcisin, Imrich"]
[Black "Smistik, Milan"]
[Result "0-1"]
[WhiteElo "2097"]
[BlackElo "2329"]
[PlyCount "60"]
[EventDate "2008.03.20"]
[EventType "swiss"]
[EventRounds "9"]
[EventCountry "CZE"]
[SourceTitle "EXT 2010"]
[Source "ChessBase"]
[SourceDate "2010.11.25"]
[SourceVersion "1"]
[SourceVersionDate "2010.11.25"]
[SourceQuality "1"]

1. e4 c6 2. d4 d5 3. Nd2 dxe4 4. Nxe4 Nd7 5. Nf3 Ngf6 6. Ng3 g6 7. Bd3 Bg7 8. c4 0-0 9. Bd2 e6 10. Bc3 c5 11. 0-0 b6 12. Qe2 Bb7 13. Rad1 Qc7 14. Bb1 Rac8 15. b3 Rfd8 16. dxc5 Qxc5 17. Bd4 Qc6 18. Qb2 Re8 19. Rfe1 e5 20. Bxe5 Rxe5 21. Rxe5 Ng4 22. Be4 Qc7 23. Bxb7 Qxb7 24. Qd2 Ngxe5 25. Nxe5 Nxe5 26. f4 Nc6 27. Qe3 Qe7 28. Qf3 Nd4 29. Qd5 Rd8 30. Qe4 Qxe4 0-1

[Event "Pobeskydy op"]
[Site "Frydek Mistek"]
[Date "2008.03.22"]
[Round "5"]
[White "Stukner, Simon"]
[Black "Smistik, Milan"]
[Result "0-1"]
[WhiteElo "2057"]
[BlackElo "2329"]
[PlyCount "110"]
[EventDate "2008.03.20"]
[EventType "swiss"]
[EventRounds "9"]
[EventCountry "CZE"]
[SourceTitle "EXT 2010"]
[Source "ChessBase"]
[SourceDate "2010.11.25"]
[SourceVersion "1"]
[SourceVersionDate "2010.11.25"]
[SourceQuality "1"]

1. e4 c6 2. d4 d5 3. Nd2 dxe4 4. Nxe4 Nd7 5. Bc4 Ngf6 6. Ng5 e6 7. Qe2 Nb6 8. Bb3 h6 9. N5f3 Bd6 10. Bd2 Qe7 11. Ne5 Bxe5 12. dxe5 Nfd5 13. c4 Nc7 14. Nh3 Bd7 15. 0-0 c5 16. a4 Bc6 17. a5 Nd7 18. Ba4 Bxa4 19. Rxa4 0-0 20. Ra3 f5 21. Rg3 Qh4 22. Nf4 Rf7 23. Rh3 Qd8 24. Rd1 Nf8 25. Rd3 Qe7 26. Be3 Ne8 27. Qh5 Qc7 28. Ng6 Nxg6 29. Qxg6 Qxe5 30. g3 b6 31. Rd8 Rxd8 32. Rxd8 Kf8 33. Qh5 Qc7 34. Qd1 Re7 35. b4 cxb4 36. axb6 axb6 37. Ra8 Rd7 38. Qa4 Kf7 39. Bxb6 Qd6 40. Ra7 Rxa7 41. Qxa7+ Kg6 42. Bc5 Qd1+ 43. Kg2 b3 44. Qb6 Nf6 45. Ba3 Qd3 46. Qxe6 Qe4+ 47. Qxe4 Nxe4 48. f3 Nc5 49. Kf1 Na4 50. c5 b2 51. Bxb2 Nxb2 52. Ke2 Kf6 53. h3 Nc4 54. f4 Na5 55. g4 Nb3 0-1

[Event "Pobeskydy op"]
[Site "Frydek Mistek"]
[Date "2008.03.21"]
[Round "4"]
[White "Smistik, Milan"]
[Black "Tiuninas, Algirdas"]
[Result "1-0"]
[WhiteElo "2329"]
[BlackElo "1965"]
[PlyCount "99"]
[EventDate "2008.03.20"]
[EventType "swiss"]
[EventRounds "9"]
[EventCountry "CZE"]
[SourceTitle "EXT 2010"]
[Source "ChessBase"]
[SourceDate "2010.11.25"]
[SourceVersion "1"]
[SourceVersionDate "2010.11.25"]
[SourceQuality "1"]

1. e4 c5 2. Nf3 Nc6 3. d4 cxd4 4. Nxd4 Nf6 5. Nc3 e5 6. Ndb5 d6 7. Bg5 a6 8. Na3 b5 9. Nd5 Be7 10. Bxf6 Bxf6 11. c4 Nd4 12. cxb5 0-0 13. bxa6 Bxa6 14. Bxa6 Qa5+ 15. Qd2 Qxa6 16. Nc7 Qc6 17. Nxa8 Qxe4+ 18. Kf1 Rxa8 19. h4 Bxh4 20. Re1 Qg4 21. Qd3 f5 22. Qh3 Qxh3 23. Rxh3 Be7 24. Rc3 Kf7 25. Nc2 Nxc2 26. Rxc2 Rxa2 27. Rec1 d5 28. b3 Ra3 29. Rb1 Ra5 30. Rc7 Kf6 31. Rb7 d4 32. b4 Ra2 33. b5 Rc2 34. Rb6+ Kg5 35. Rc6 Bc5 36. Rd1 e4 37. Rxd4 Rxf2+ 38. Kxf2 Bxd4+ 39. Ke2 Kf4 40. b6 g5 41. b7 Be5 42. Rh6 Kg3 43. Rxh7 Kxg2 44. Rh5 g4 45. Rxf5 Bd6 46. Rf6 Bc7 47. Rc6 Bh2 48. Rg6 Kh3 49. Rh6+ Kg2 50. Rxh2+ 1-0

[Event "CZE-ch Juniors op-A"]
[Site "Sec u Chrudimi"]
[Date "2008.03.08"]
[Round "1"]
[White "Smistik, Milan"]
[Black "Valenta, Petr"]
[Result "1-0"]
[WhiteElo "2329"]
[BlackElo "1945"]
[PlyCount "57"]
[EventDate "2008.03.08"]
[EventType "swiss"]
[EventRounds "9"]
[EventCountry "CZE"]
[SourceTitle "EXT 2009"]
[Source "ChessBase"]
[SourceDate "2008.11.26"]
[SourceVersion "1"]
[SourceVersionDate "2008.11.26"]
[SourceQuality "1"]

1. e4 c5 2. Nf3 Nc6 3. d4 cxd4 4. Nxd4 d6 5. c4 Nf6 6. Nc3 a6 7. f3 g6 8. Be3 Bg7 9. Qd2 0-0 10. Be2 Bd7 11. g4 Rc8 12. Rc1 Qa5 13. Nb3 Qd8 14. g5 Nh5 15. Nd5 Be6 16. 0-0 f5 17. exf5 Bxf5 18. c5 h6 19. gxh6 Bh8 20. Bg5 Nf6 21. cxd6 exd6 22. Nd4 Bh3 23. Rfe1 Kh7 24. Nxc6 bxc6 25. Bxa6 cxd5 26. Bxc8 Bxc8 27. Rxc8 Qxc8 28. Re7+ Kg8 29. Qxd5+ 1-0

[Event "Olexa Memorial op"]
[Site "Brno"]
[Date "2007.12.25"]
[Round "1"]
[White "Smistik, Milan"]
[Black "Stanek, Stanislav"]
[Result "1-0"]
[WhiteElo "2334"]
[BlackElo "2036"]
[PlyCount "57"]
[EventDate "2007.12.25"]
[EventType "swiss"]
[EventRounds "7"]
[EventCountry "CZE"]
[SourceTitle "EXT 2010"]
[Source "ChessBase"]
[SourceDate "2010.11.25"]
[SourceVersion "1"]
[SourceVersionDate "2010.11.25"]
[SourceQuality "1"]

1. e4 e5 2. Nf3 Qe7 3. Nc3 c6 4. d4 d6 5. Bg5 Nf6 6. Qd2 Bg4 7. 0-0-0 Nbd7 8. h3 Bxf3 9. gxf3 h6 10. Bxf6 Nxf6 11. d5 Nh5 12. dxc6 bxc6 13. Qd3 Nf4 14. Qa6 Qc7 15. Rg1 Qb6 16. Qa4 a5 17. Nd5 Qb7 18. Nxf4 exf4 19. Bc4 g5 20. Bd5 Ra6 21. Qd4 Rg8 22. Bc4 Rb6 23. b3 Be7 24. a4 Qc7 25. h4 c5 26. Qc3 Rb4 27. Rd5 Kf8 28. Rf5 Rg7 29. Rxf7+ 1-0

[Event "Brno Trade op"]
[Site "Brno"]
[Date "2007.08.29"]
[Round "4"]
[White "Kratochvil, Milan"]
[Black "Smistik, Milan"]
[Result "0-1"]
[WhiteElo "2102"]
[BlackElo "2341"]
[PlyCount "72"]
[EventDate "2007.08.26"]
[EventType "swiss"]
[EventRounds "7"]
[EventCountry "CZE"]
[SourceTitle "EXT 2008"]
[Source "ChessBase"]
[SourceDate "2007.11.25"]
[SourceVersion "1"]
[SourceVersionDate "2007.11.25"]
[SourceQuality "1"]

1. e4 c5 2. c3 Nf6 3. e5 Nd5 4. d4 cxd4 5. cxd4 Nc6 6. Nc3 Nxc3 7. bxc3 d6 8. f4 dxe5 9. fxe5 g6 10. Nf3 Bg7 11. Bf4 Bg4 12. Rb1 Qa5 13. Rxb7 0-0 14. Qd2 Rad8 15. Be2 Bxf3 16. gxf3 Bxe5 17. Bxe5 Nxe5 18. Rxe7 Nc6 19. Re4 Rfe8 20. Rxe8+ Rxe8 21. Kf2 Ne7 22. Rd1 Qh5 23. Kg1 Nd5 24. Bc4 Ne3 25. Re1 Qxf3 26. Bd5 Qxd5 27. Rxe3 Qg5+ 28. Kf2 Qf4+ 29. Ke2 Qxh2+ 30. Kd3 Qxd2+ 31. Kxd2 Rxe3 32. Kxe3 Kf8 33. Kf4 Ke7 34. c4 Kd6 35. Kg5 h5 36. d5 Ke5 0-1

[Event "Brno Trade op"]
[Site "Brno"]
[Date "2007.08.28"]
[Round "3"]
[White "Smistik, Milan"]
[Black "Holemar, David"]
[Result "1/2-1/2"]
[WhiteElo "2341"]
[BlackElo "2295"]
[PlyCount "26"]
[EventDate "2007.08.26"]
[EventType "swiss"]
[EventRounds "7"]
[EventCountry "CZE"]
[SourceTitle "EXT 2008"]
[Source "ChessBase"]
[SourceDate "2007.11.25"]
[SourceVersion "1"]
[SourceVersionDate "2007.11.25"]
[SourceQuality "1"]

1. g3 d5 2. Bg2 Nf6 3. Nf3 c6 4. d4 Bg4 5. h3 Bh5 6. 0-0 e6 7. Bf4 Nbd7 8. Nbd2 Be7 9. Re1 Bg6 10. Nh4 Nh5 11. Nxg6 hxg6 12. Be3 Bd6 13. Nf1 Qe7 1/2-1/2